[Event "Treviso TWE op-B 30th"]
[Site "Treviso"]
[Date "2006.12.08"]
[Round "1.6"]
[White "De Nadai, Ruggero"]
[Black "Musso, Riccardo"]
[Result "0-1"]
[WhiteElo "1449"]
[BlackElo "1691"]
[PlyCount "36"]
[EventDate "2006.12.08"]
[EventType "swiss"]
[EventRounds "5"]
[EventCountry "ITA"]
[SourceTitle "EXT 2024"]
[Source "ChessBase"]
[SourceDate "2023.10.10"]
[SourceVersion "1"]
[SourceVersionDate "2023.10.10"]
[SourceQuality "1"]

1. e4 Nc6 2. c3 d5 3. f3 Nf6 4. d3 e5 5. exd5 Qxd5 6. c4 Qd4 7. Ne2 Qh4+ 8. g3 Qh5 9. Bg2 Bc5 10. Nbc3 Bh3 11. Bxh3 Qxh3 12. Kd2 0-0-0 13. Kc2 Nb4+ 14. Kb1 Nxd3 15. Qf1 Qf5 16. a3 Nb4+ 17. Ne4 Nxe4 18. axb4 Nc3# 0-1